Juan de Pallaviccino i la destrucció de Montblanc el 1651 / Manel Güell
Descripción Física:
p. 57-70 : il. ; 24 cm
Otros Autores:
Centre d'Estudis de la Conca de Barberà
MARC
| LEADER | 00000nam a2200000Ia 4500 | ||
|---|---|---|---|
| 001 | 17599 | ||
| 008 | 160829s2005 xx 000 0 cat d | ||
| 080 | |a FU-43-4 | ||
| 100 | |a Güell, Manel |9 39218 | ||
| 245 | |a Juan de Pallaviccino i la destrucció de Montblanc el 1651 / Manel Güell | ||
| 260 | |a Montblanc : |b Centre d'Estudis de la Conca de Barberà, |c 2005 | ||
| 300 | |a p. 57-70 : |b il. ; |c 24 cm | ||
| 590 | |a Separata de la revista Aplec de Treballs, núm. 23 | ||
| 650 | |a Montblanc |x Estudis |9 39219 | ||
| 650 | |a Montblanc |x Història |x Segle XVII |9 39220 | ||
| 650 | |a Juan de Pallaviccino |9 39221 | ||
| 700 | |a Centre d'Estudis de la Conca de Barberà |9 39222 | ||
| 901 | |a Arxiu | ||
| 942 | |n 1 | ||
| 952 | |0 0 |1 0 |4 0 |6 FU434 |7 1 |9 48872 |a Arxiu |b Arxiu |d 2016-12-01 |l 0 |o FU-43-4 |p 17599 |r 2016-12-01 00:00:00 |w 2016-12-01 |y ARXIU | ||
| 999 | |c 52707 |d 52707 | ||